<?xml version="1.0" encoding="UTF-8"?>
<collection xmlns="http://www.loc.gov/MARC21/slim">
  <record>
    <leader>00000nam  2200000   4500</leader>
    <controlfield tag="001">INLIS000000000019294</controlfield>
    <controlfield tag="005">20250214033209</controlfield>
    <datafield tag="035" ind1="#" ind2="#">
      <subfield code="a">0010-0225000251</subfield>
    </datafield>
    <controlfield tag="007">ta</controlfield>
    <controlfield tag="008">250214################g##########0#ind##</controlfield>
    <datafield tag="082" ind1="#" ind2="#">
      <subfield code="a">420</subfield>
    </datafield>
    <datafield tag="084" ind1="#" ind2="#">
      <subfield code="a">420 SRI g</subfield>
    </datafield>
    <datafield tag="100" ind1=" " ind2="#">
      <subfield code="a">Sri Rahayu Zees</subfield>
    </datafield>
    <datafield tag="245" ind1="1" ind2="#">
      <subfield code="a">Giving Presentation in English: in a Final Project Examination /</subfield>
      <subfield code="c">Sri Rahayu Zees</subfield>
    </datafield>
    <datafield tag="260" ind1="#" ind2="#">
      <subfield code="a">Yogyakarta :</subfield>
      <subfield code="b">Deepublish,</subfield>
      <subfield code="c">2017</subfield>
    </datafield>
    <datafield tag="300" ind1="#" ind2="#">
      <subfield code="a">x, 91 hlm ;</subfield>
      <subfield code="c">4.2 MB</subfield>
    </datafield>
    <datafield tag="650" ind1="#" ind2="4">
      <subfield code="a">Presentation</subfield>
    </datafield>
    <datafield tag="020" ind1="#" ind2="#">
      <subfield code="a">978-602-453-099-0</subfield>
    </datafield>
    <datafield tag="520" ind1="#" ind2="#">
      <subfield code="a">This book is written based on the research done by observing the students' final project examinations at Accounting Department of Politeknik Negeri Semarang and taking the texts from the students' visual aids presented in power point.&#13;
&#13;
It is aimed to provide references to the students who will learn on how to give presentation on Final Project in English as a compulsory stage in The final project examination at the end of the year of study, to provide supporting materials for the English teachers to help the students in preparing the presentation, and also to give guidelines to the examiners in evaluating the presentation.&#13;
&#13;
This book provides the context of giving presentation in the Final Project Examination,  the expressions both for verbal and non verbal communication, the structure of giving presentation, the structure of English used in an academic  presentation and tasks for practicing giving presentation on final project</subfield>
    </datafield>
    <datafield tag="856" ind1="#" ind2="#">
      <subfield code="a">https://web-ipustakalan.moco.co.id/book/2c087900-25ca-4ede-af6c-3737740a3d83</subfield>
    </datafield>
    <datafield tag="990" ind1="#" ind2="#">
      <subfield code="a">2024/4/A/0172</subfield>
    </datafield>
    <datafield tag="990" ind1="#" ind2="#">
      <subfield code="a">2024/4/A/0173</subfield>
    </datafield>
  </record>
</collection>
